000 00321nam a2200097Ia 4500
008 220120s9999||||xx |||||||||||||| ||und||
100 _aAnupama and others
_912589
245 0 _aReversible watermarking based on invariant
260 _aCoorg Institute of Technology
_bPonnampet
_c2016
650 _aELECTRONICS AND COMMUNICATIONS
999 _c138187
_d138187